000 00913nam a2200265 a 4500
001 62278
003 BD-RjUL
005 20211209081050.0
008 170123s1983 bg a eng |
020 _c: Complimentary
020 _c: Tk. 250.00 (Inland)
035 _a(BD-RjUL) 62404
040 _aANL
_beng
_dANL
_cBD-RjUL
041 _aeng
082 _223
_a304.6095492021
_bJAM 1983 (DS)
110 _aBangladesh Bureau of Statistics
_9179266
245 1 0 _aBangladesh population census, 1981:
_bDistrict: Jamalpur /
_cBangladesh Bureau of Statistics
260 _aDhaka, :
_bBangladesh Bureau of Statistics,
_c1983.
300 _aLXV, 377 p. :
_bIll ;
_c28 cm.
490 _aDistrict series: Jamalpur
651 _aBangladesh
_zJamalpur
_vcensus,1981
_9185237
651 _aBangladesh
_zJamalpur
_xPopulation
_vStaistics
_y1981
_9185238
830 _aDistrict series: Jamalpur
_9185239
942 _2ddc
_cRAR
999 _c62278
_d62278